Waking up : searching for spirituality without religion (Record no. 86248)

MARC details
000 -LEADER
fixed length control field 00687nam a22002297a 4500
003 - CONTROL NUMBER IDENTIFIER
control field CBULib
005 - DATE AND TIME OF LATEST TRANSACTION
control field 20250702100806.0
008 - FIXED-LENGTH DATA ELEMENTS--GENERAL INFORMATION
fixed length control field 250702b |||||||| |||| 00| 0 eng d
020 ## - INTERNATIONAL STANDARD BOOK NUMBER
International Standard Book Number 9780593074015
040 ## - CATALOGING SOURCE
Language of cataloging English
Transcribing agency CBULib
Description conventions rda
050 ## - LIBRARY OF CONGRESS CALL NUMBER
Classification number BL 53 Har
100 ## - MAIN ENTRY--PERSONAL NAME
9 (RLIN) 4664
Personal name Harris, Sam
245 ## - TITLE STATEMENT
Title Waking up : searching for spirituality without religion
Statement of responsibility, etc / by Sam Harris
260 ## - PUBLICATION, DISTRIBUTION, ETC. (IMPRINT)
Place of publication, distribution, etc New York :
Name of publisher, distributor, etc Simon & Schuster,
Date of publication, distribution, etc 2014
300 ## - PHYSICAL DESCRIPTION
Extent viii, 245 pages : illustrations
336 ## - CONTENT TYPE
Source rdacontent
Content type term Text |
Content type code txt
337 ## - MEDIA TYPE
Source rdamedia
Media type term Unmediated |
Media type code n
338 ## - CARRIER TYPE
Source rdacarrier
Carrier type term Volume
Carrier type code nc
650 #0 - SUBJECT ADDED ENTRY--TOPICAL TERM
9 (RLIN) 4665
Topical term or geographic name as entry element MEDITATION
650 #0 - SUBJECT ADDED ENTRY--TOPICAL TERM
9 (RLIN) 4666
Topical term or geographic name as entry element SPIRITUALITY
942 ## - ADDED ENTRY ELEMENTS (KOHA)
Source of classification or shelving scheme
Koha item type MONOGRAPH
Holdings
Withdrawn status Lost status Source of classification or shelving scheme Damaged status Not for loan Collection code Permanent Location Current Location Shelving location Date acquired Source of acquisition Inventory number Total Checkouts Full call number Barcode Date last seen Price effective from Koha item type
          Main Library Open Access Collection CBU-MAIN LIBRARY, KITWE. CBU-MAIN LIBRARY, KITWE. General Stacks 07/02/2025 Book Aid International 752363   BL 53 Har 752363 07/02/2025 07/02/2025 MONOGRAPH